Medicina tradicional del pueblo de Altaquer / (Registro nro. 4897)

Detalles MARC
000 -CABECERA
Campo de control 00895cam a2200241 a 4500
005 - FECHA Y HORA DE LA ULTIMA TRANSACCION
Campo de control 20160209122907.0
008 - ELEMENTOS DE LONGITUD FIJA—INFORMACION GENERAL
Campo de control 980826s19920000ec a 0 spa d
040 ## - FUENTE DE CATALOGACIÓN
Agencia catalogadora original CO-BoPUJ
Agencia transcriptora CO-BoIAVH
Agencia Modificadora CO-BoIAVH
041 0# - IDIOMA
Código de idioma para texto/pista de sonido o título separado Español
044 ## - PAÍS DE PUBLICACIÓN
País de publicación Ecuador
082 04 - NUMERO DE CLASIFICACION DECIMAL DEWEY
Número de clasificación 581.634
Número del ítem P25m
100 1# - ASIENTO PRINCIPAL--NOMBRE PERSONAL
Nombre personal Parra Rizo, Jaime Hernando
9 (RLIN) 22345
245 10 - MENCION DE TITULO
Título Medicina tradicional del pueblo de Altaquer /
Mención de responsabilidad Jaime Hernando Parra Rizo, Susan Virsano Bellow ; ilustraciones Boris Arteaga
250 ## - MENCION DE EDICION
Mención de edición Primera edición
260 ## - PUBLICACION, DISTRIBUCION, ETC. (PIE DE IMPRENTA)
Lugar de publicación, distribución, etc. Quito (Ecuador) :
Nombre del editor, distribuidor, etc. Ediciones Abya-Yala ;
Fecha de publicación, distribución, etc. 1992.
300 ## - DESCRIPCION FISICA
Extensión 233 páginas :
Otros detalles físicos ilustraciones ;
Dimensiones 22 x 16 cm.
504 ## - NOTA DE BIBLIOGRAFIA, ETC.
Nota de bibliografía Incluye referencias bibliográficas:
Number of references 3
650 24 - ASIENTO SECUNDARIO DE MATERIA - TERMINO TEMATICO
Término temático o nombre geográfico como elemento de entrada Naturismo
Subdivisión general Nariño (Colombia)
9 (RLIN) 58154
650 26 - ASIENTO SECUNDARIO DE MATERIA - TERMINO TEMATICO
Término temático o nombre geográfico como elemento de entrada Plantas medicinales
Subdivisión general Nariño (Colombia)
9 (RLIN) 58155
700 1# - ASIENTO SECUNDARIO - NOMBRE PERSONAL
Nombre personal Virsano Bellow, Susan
9 (RLIN) 22346
700 1# - ASIENTO SECUNDARIO - NOMBRE PERSONAL
Nombre personal Arteaga, Boris
Término de relación ilustrador
9 (RLIN) 58153
942 ## - ELEMENTOS ADICIONALES (KOHA)
Sistema de clasificación Dewey Decimal Classification
Tipo de ítem Libro
Existencias
Withdrawn status Lost status Sistema de Clasificación Damaged status No para préstamo Colección Inventariado Ubicación Permanente Ubicación actual Fecha de adquisición Fuente de Valor Total Checkouts Total Renewals Número topográfico Inventario / Código de Barras Date last seen Date checked out Ejemplar Price effective from Forma de adquisición Tipo de material
    Dewey Decimal Classification     General Inventariado 2017 Bogotá Bogotá 01/12/2005 Iberlibro 1 2 LB-581.634 P25m 022457 26/12/2018 24/10/2018 Ej. 1 04/12/2012   Libro